| 000 | 00929nam a22002291 4500 | ||
|---|---|---|---|
| 001 | 180116 | ||
| 003 | ES-MaACL | ||
| 005 | 20250625164855.0 | ||
| 008 | 120419s1949 sp |||| | spa d | ||
| 080 | _a929 Santiago, Hernando de | ||
| 080 | _a821.134.2 Santiago, Hernando de 1.06 | ||
| 100 | 1 |
_aPérez, Quintín. _990607 |
|
| 245 | 1 | 0 |
_aFr. Hernando de Santiago, predicador del Siglo de Oro (1575-1639) / _cpor Quintín Pérez. |
| 260 |
_aMadrid : _bConsejo Superior de Investigaciones Científicas, Patronato "Menéndez Pelayo", Instituto "Miguel de Cervantes", _c1949. |
||
| 300 |
_a206 p. ; _c25 cm. |
||
| 490 | 1 |
_aAnejos de "La Revista de Filología Española" ; _v43 |
|
| 700 | 1 |
_aSantiago, Hernando de, _d1540-1639 _9149831 |
|
| 710 | 2 |
_aInstituto "Miguel de Cervantes" _95133 |
|
| 830 | 0 |
_aAnejos de "La Revista de Filología Española" ; _v43 _9191161 |
|
| 852 |
_aES-MaACL _jE-15390 |
||
| 999 |
_c180116 _d180116 |
||